000 00461nam a2200133Ia 4500
008 231129s9999||||xx |||||||||||||| ||spa||
020 _a978-958-9243-64-0
040 _bspa
082 _a658.4 R373i
100 _aReinoso Lastra Juan Fernando
245 0 _aLos indicadores de gestión y su relación con la cultura organizacional
264 _aUniversidad del Tolima. Grupo de Investigación en Estrategia
942 _2ddc
_cBKS
999 _c19756
_d19756